Nationale Strafverfolgung völkerrechtlicher Verbrechen
Wedi'i Gadw mewn:
| Prif Awduron: | , |
|---|---|
| Fformat: | Llyfr |
| Iaith: | Almaeneg |
| Cyhoeddwyd: |
Friburgo de Brisgovia
Max-Planck-Institut
2003
|
| Pynciau: | |
| Tagiau: |
Ychwanegu Tag
Dim Tagiau, Byddwch y cyntaf i dagio'r cofnod hwn!
|
MARC
| LEADER | 00000nam a2200000 a 4500 | ||
|---|---|---|---|
| 001 | UCK4083 | ||
| 003 | CL-VaPUC | ||
| 008 | 050520e20030000GW |||||||||||||||||ger|d | ||
| 020 | |a 3861138883 | ||
| 082 | 0 | 4 | |a 341.488 |b ESE |2 21 |
| 100 | 0 | |a Eser, Albin |e author |9 492473 | |
| 700 | 0 | |a Kreicker, Helmut |e author |9 492474 | |
| 245 | 1 | 0 | |a Nationale Strafverfolgung völkerrechtlicher Verbrechen |
| 300 | |a v | ||
| 942 | |c BK | ||
| 945 | |d 20050520 00:00:00 |a cmena | ||
| 260 | |a Friburgo de Brisgovia |b Max-Planck-Institut |c 2003 | ||
| 500 | |a v.1: Deutschland | ||
| 500 | |a v.2: Finland, Polen, Schweden | ||
| 650 | 0 | |a Derecho penal internacional |9 371889 | |
| 650 | 7 | |a JURISDICCION PENAL |2 CL-VaPUC |9 255635 | |
| 650 | 0 | |a Delitos |9 224143 | |
| 650 | 7 | |a EXTRADICION |2 CL-VaPUC |9 256292 | |
| 583 | |a last modification |c 20050520 00:00:00 |k Rodrigo Vera | ||
| 999 | |c 313056 |d 313054 | ||
| 952 | |0 0 |1 0 |4 0 |6 341_488000000000000_ESE_2003 |7 0 |8 A |9 384116 |a BIBDER |b BIBDER |d 2019-11-22 |h v.1 |i 4094484 |o 341.488 ESE 2003 |p 4094484 |r 2023-01-25 |w 2019-11-22 |y BK |k DER | ||
| 952 | |0 0 |1 0 |4 0 |6 341_488000000000000_ESE_2003 |7 0 |8 A |9 384117 |a BIBDER |b BIBDER |d 2019-11-22 |h v.2 |i 4213637 |o 341.488 ESE 2003 |p 4213637 |r 2023-01-25 |w 2019-11-22 |y BK |k DER | ||